[Event "Ricany op-A"]
[Site "Ricany"]
[Date "2017.09.01"]
[Round "8"]
[White "Skacel, Jan"]
[Black "Jirousek, Tadeas"]
[Result "1/2-1/2"]
[WhiteElo "1991"]
[BlackElo "1584"]
[PlyCount "99"]
[EventDate "2017.08.26"]
[EventType "swiss"]
[EventRounds "9"]
[EventCountry "CZE"]
[SourceTitle "CBM 180 Extra"]
[Source "ChessBase"]
[SourceDate "2017.10.06"]
[SourceVersion "1"]
[SourceVersionDate "2017.10.06"]
[SourceQuality "1"]

1. d4 Nf6 2. c4 c5 3. dxc5 Qa5+ 4. Nc3 Qxc5 5. e3 e6 6. Nf3 b6 7. Be2 Bb7 8. 0-0 a6 9. a3 Be7 10. b4 Qc7 11. h3 0-0 12. Bb2 d6 13. Rc1 Nbd7 14. Nd2 Rac8 15. f4 Qb8 16. Bd3 d5 17. cxd5 Nxd5 18. Nxd5 Bxd5 19. Rxc8 Qxc8 20. Qe2 b5 21. e4 Bb7 22. Rc1 Qb8 23. e5 Nb6 24. Qf2 Nd5 25. Nb3 Rc8 26. Rxc8+ Qxc8 27. Bd4 Qc6 28. Be4 Qc4 29. Na5 Qc1+ 30. Qf1 Qxf4 31. Qxf4 Nxf4 32. Bxb7 Ne2+ 33. Kf1 Nxd4 34. Bxa6 Kf8 35. Bb7 Nc2 36. Be4 Nxa3 37. Nc6 Nc4 38. Ke2 Bh4 39. Bd3 Na3 40. Kf3 Be1 41. Ke4 Bc3 42. Na7 Bxb4 43. Nxb5 Nxb5 44. Bxb5 Bc3 45. g4 h6 46. h4 f6 47. exf6 gxf6 48. h5 Ke7 49. Bc4 Kd6 50. Ba2 1/2-1/2

[Event "Ricany op-A"]
[Site "Ricany"]
[Date "2017.08.27"]
[Round "3"]
[White "Skacel, Jan"]
[Black "Hollan, Martin"]
[Result "0-1"]
[WhiteElo "1991"]
[BlackElo "2233"]
[PlyCount "31"]
[EventDate "2017.08.26"]
[EventType "swiss"]
[EventRounds "9"]
[EventCountry "CZE"]
[SourceTitle "CBM 180 Extra"]
[Source "ChessBase"]
[SourceDate "2017.10.06"]
[SourceVersion "1"]
[SourceVersionDate "2017.10.06"]
[SourceQuality "1"]

1. c4 Nf6 2. Nc3 c5 3. Nf3 Nc6 4. d4 cxd4 5. Nxd4 e6 6. Nc2 Bc5 7. e3 d5 8. cxd5 exd5 9. Be2 0-0 10. 0-0 Be6 11. a3 Qe7 12. Nd4 Rac8 13. Nxc6 bxc6 14. Qa4 Rfd8 15. Ba6 Rc7 16. Qh4 0-1

[Event "Ricany op"]
[Site "Ricany"]
[Date "2016.09.01"]
[Round "7"]
[White "Steiner, Juraj"]
[Black "Skacel, Jan"]
[Result "0-1"]
[WhiteElo "2044"]
[BlackElo "2030"]
[PlyCount "65"]
[EventDate "2016.08.27"]
[EventType "swiss"]
[EventRounds "9"]
[EventCountry "CZE"]
[SourceTitle "CBM 174 Extra"]
[Source "ChessBase"]
[SourceDate "2016.10.10"]
[SourceVersion "1"]
[SourceVersionDate "2016.10.10"]
[SourceQuality "1"]

1. d4 d5 2. c4 e6 3. Nc3 Nf6 4. Bg5 c5 5. cxd5 cxd4 6. Qxd4 Be7 7. Nf3 exd5 8. e3 0-0 9. Qd2 Nc6 10. Rc1 Be6 11. Bb5 Qa5 12. Bxc6 bxc6 13. 0-0 Qa6 14. Qc2 c5 15. Rfd1 Rfd8 16. Rd2 h6 17. Bh4 Rac8 18. Rcd1 Qb7 19. Ne5 d4 20. exd4 cxd4 21. Rxd4 Rxd4 22. Rxd4 Bxa2 23. Nd7 g5 24. Qf5 Rxc3 25. bxc3 Be6 26. Qd3 Nxd7 27. Bg3 Bf6 28. Rd6 Kg7 29. f4 Nc5 30. Qc2 Qe4 31. Qd2 gxf4 32. Bxf4 Qb1+ 33. Qd1 0-1

[Event "Ricany op"]
[Site "Ricany"]
[Date "2016.08.28"]
[Round "3"]
[White "Pospichal, Michael"]
[Black "Skacel, Jan"]
[Result "0-1"]
[WhiteElo "1650"]
[BlackElo "2030"]
[PlyCount "66"]
[EventDate "2016.08.27"]
[EventType "swiss"]
[EventRounds "9"]
[EventCountry "CZE"]
[SourceTitle "CBM 174 Extra"]
[Source "ChessBase"]
[SourceDate "2016.10.10"]
[SourceVersion "1"]
[SourceVersionDate "2016.10.10"]
[SourceQuality "1"]

1. e4 Nf6 2. Nc3 d5 3. exd5 Nxd5 4. Bc4 Nb6 5. Bb3 c5 6. d3 Nc6 7. Be3 e6 8. Ne4 Nd5 9. c3 Nxe3 10. fxe3 Qh4+ 11. Nf2 Be7 12. Nf3 Qh6 13. Qe2 0-0 14. d4 g6 15. 0-0 Qg7 16. Nd3 cxd4 17. exd4 Bd7 18. Nfe5 Rad8 19. Nxd7 Rxd7 20. Bxe6 Nxd4 21. cxd4 Qxd4+ 22. Nf2 fxe6 23. Rad1 Qxf2+ 24. Rxf2 Rxd1+ 25. Qxd1 Bc5 26. Qd7 Bxf2+ 27. Kf1 Bd4+ 28. Ke2 e5 29. b4 Rf7 30. Qc8+ Kg7 31. Kd3 h5 32. Ke4 Kh7 33. Kd5 Kg7 0-1

[Event "Ricany op"]
[Site "Ricany"]
[Date "2015.08.29"]
[Round "9"]
[White "Skacel, Jan"]
[Black "Parizek, Vojtech"]
[Result "1/2-1/2"]
[WhiteElo "2051"]
[BlackElo "1886"]
[PlyCount "75"]
[EventDate "2015.08.22"]
[EventType "swiss"]
[EventRounds "9"]
[EventCountry "CZE"]
[SourceTitle "EXT 2023"]
[Source "ChessBase"]
[SourceDate "2022.10.05"]
[SourceVersion "1"]
[SourceVersionDate "2022.10.05"]
[SourceQuality "1"]

1. d4 Nf6 2. c4 g6 3. Nc3 Bg7 4. e4 d6 5. Nf3 0-0 6. Be2 e5 7. 0-0 Nc6 8. d5 Ne7 9. Ne1 Nd7 10. f3 f5 11. g4 f4 12. Bd2 g5 13. Nd3 h5 14. h3 hxg4 15. hxg4 Kf7 16. Kg2 Ng6 17. Be1 Nf6 18. Rh1 Qe7 19. Bf2 Bd7 20. c5 Rh8 21. Qb3 b6 22. cxd6 cxd6 23. Rxh8 Rxh8 24. Rh1 Rxh1 25. Kxh1 Qf8 26. Kg2 Qh8 27. Nc1 Qc8 28. Qa3 Nxe4 29. fxe4 Bxg4 30. Qxd6 Bxe2 31. Qe6+ Qxe6 32. dxe6+ Kxe6 33. N3xe2 g4 34. Kf1 Kf6 35. Nd3 Kg5 36. b3 g3 37. Nxg3 fxg3 38. Bxg3 1/2-1/2

[Event "Rakovnik Regional-chT 1415"]
[Site "Rakovnik"]
[Date "2015.03.22"]
[Round "10.1"]
[White "Moravec, Vit"]
[Black "Skacel, Jan"]
[Result "1-0"]
[WhiteElo "2184"]
[BlackElo "2066"]
[PlyCount "59"]
[EventDate "2014.10.19"]
[EventType "team-tourn"]
[EventRounds "11"]
[EventCountry "CZE"]
[SourceTitle "EXT 2016"]
[Source "ChessBase"]
[SourceDate "2015.10.08"]
[SourceVersion "1"]
[SourceVersionDate "2015.10.08"]
[SourceQuality "1"]
[WhiteTeam "Vlasim II"]
[BlackTeam "Ricany III"]
[WhiteTeamCountry "CZE"]
[BlackTeamCountry "CZE"]

1. e4 c5 2. Nf3 Nc6 3. d4 cxd4 4. Nxd4 Nf6 5. Nc3 e6 6. Nxc6 dxc6 7. Qxd8+ Kxd8 8. Bf4 Nd7 9. 0-0-0 Ke8 10. e5 Be7 11. Ne4 Nc5 12. Nd6+ Bxd6 13. Rxd6 h6 14. Be2 Ke7 15. Rhd1 f5 16. exf6+ gxf6 17. b4 Ne4 18. R6d4 f5 19. Bh5 a5 20. Bc7 axb4 21. Bd8+ Kf8 22. Rxe4 Kg7 23. Rxb4 Rxa2 24. Bc7 Kf6 25. f4 Rg8 26. Bd8+ Kg7 27. Rxb7+ Bxb7 28. Rd7+ Kf8 29. Be7+ Kg7 30. Bf6+ 1-0

[Event "Rakovnik Regional-chT 1415"]
[Site "Rakovnik"]
[Date "2015.01.04"]
[Round "5.1"]
[White "Haba, Zdenek"]
[Black "Skacel, Jan"]
[Result "1-0"]
[WhiteElo "2281"]
[BlackElo "2066"]
[PlyCount "147"]
[EventDate "2014.10.19"]
[EventType "team-tourn"]
[EventRounds "11"]
[EventCountry "CZE"]
[SourceTitle "EXT 2016"]
[Source "ChessBase"]
[SourceDate "2015.10.08"]
[SourceVersion "1"]
[SourceVersionDate "2015.10.08"]
[SourceQuality "1"]
[WhiteTeam "Kostelec nad CL"]
[BlackTeam "Ricany III"]
[WhiteTeamCountry "CZE"]
[BlackTeamCountry "CZE"]

1. e4 c5 2. Nf3 Nc6 3. d4 cxd4 4. Nxd4 Nf6 5. Nc3 e6 6. Ndb5 Bb4 7. a3 Bxc3+ 8. Nxc3 d5 9. exd5 Nxd5 10. Bd2 Nxc3 11. Bxc3 Qxd1+ 12. Rxd1 0-0 13. b4 Rd8 14. Rxd8+ Nxd8 15. Bd3 Bd7 16. Kd2 a6 17. h4 f6 18. f4 Nf7 19. g4 Rd8 20. g5 Nd6 21. Re1 fxg5 22. hxg5 Bc6 23. Kc1 Bd5 24. Re2 Rf8 25. Rh2 g6 26. Bf6 Rc8 27. Be5 Nf5 28. Kb2 b5 29. a4 Bc6 30. axb5 axb5 31. c4 bxc4 32. Bxc4 Bd5 33. Ba6 Ra8 34. b5 Ne3 35. Kc3 Nc4 36. Bd4 Nd6 37. Kb4 Rf8 38. Bf6 Ne4 39. Be5 Ra8 40. Rc2 h6 41. gxh6 Kh7 42. Bg7 g5 43. fxg5 Nxg5 44. Rc7 Kg6 45. Ka5 Nf7 46. Rc8 Rxc8 47. Bxc8 Nxh6 48. Bd4 Nf5 49. Bc5 Kf7 50. b6 Ne7 51. b7 Bxb7 52. Bxb7 Nd5 53. Kb5 Ne7 54. Kc4 Nd5 55. Kd4 Nf6 56. Bc6 Ng4 57. Bf3 Nf6 58. Bd6 Nd5 59. Ke5 Nf6 60. Ba3 Nd7+ 61. Kd6 Nf6 62. Bb2 Ne8+ 63. Ke5 Nf6 64. Bc6 Ng4+ 65. Kd6 Nf6 66. Bg2 Ne8+ 67. Ke5 Ng7 68. Ba3 Nf5 69. Bh3 Ng7 70. Bg4 Kg8 71. Kf6 Kh7 72. Bf8 Nf5 73. Kxe6 Ng7+ 74. Kf7 1-0

[Event "Rakovnik Regional-chT 1415"]
[Site "Rakovnik"]
[Date "2014.11.23"]
[Round "3.1"]
[White "Meduna, Eduard"]
[Black "Skacel, Jan"]
[Result "1/2-1/2"]
[WhiteElo "2370"]
[BlackElo "2066"]
[PlyCount "42"]
[EventDate "2014.10.19"]
[EventType "team-tourn"]
[EventRounds "11"]
[EventCountry "CZE"]
[SourceTitle "EXT 2016"]
[Source "ChessBase"]
[SourceDate "2015.10.08"]
[SourceVersion "1"]
[SourceVersionDate "2015.10.08"]
[SourceQuality "1"]
[WhiteTeam "Lysa nad Labem IV"]
[BlackTeam "Ricany III"]
[WhiteTeamCountry "CZE"]
[BlackTeamCountry "CZE"]

1. d4 Nf6 2. c4 g6 3. Nc3 d5 4. Bf4 Bg7 5. e3 0-0 6. Rc1 dxc4 7. Bxc4 Nh5 8. Bg5 c6 9. Nf3 b5 10. Bb3 a5 11. 0-0 a4 12. Bc2 Be6 13. a3 Nd7 14. Bd3 Nb6 15. Ne4 Bc4 16. Nc5 Re8 17. Nd2 Qd5 18. Bh4 e5 19. Nxc4 bxc4 20. Be4 Qd6 21. Nb7 Qc7 1/2-1/2

[Event "Rakovnik Regional-chT 1415"]
[Site "Rakovnik"]
[Date "2014.11.09"]
[Round "2.1"]
[White "Skacel, Jan"]
[Black "Starek, Stanislav"]
[Result "0-1"]
[WhiteElo "2066"]
[BlackElo "2156"]
[PlyCount "54"]
[EventDate "2014.10.19"]
[EventType "team-tourn"]
[EventRounds "11"]
[EventCountry "CZE"]
[SourceTitle "EXT 2016"]
[Source "ChessBase"]
[SourceDate "2015.10.08"]
[SourceVersion "1"]
[SourceVersionDate "2015.10.08"]
[SourceQuality "1"]
[WhiteTeam "Ricany III"]
[BlackTeam "Ricany II"]
[WhiteTeamCountry "CZE"]
[BlackTeamCountry "CZE"]

1. d4 Nf6 2. c4 e6 3. Nc3 Bb4 4. e3 c5 5. Nge2 d5 6. a3 Bxc3+ 7. Nxc3 cxd4 8. exd4 0-0 9. Bg5 dxc4 10. Bxc4 Nc6 11. Be3 a6 12. 0-0 b5 13. Be2 Bb7 14. Rc1 Ne7 15. Bf3 Ned5 16. Bg5 Qb6 17. Nxd5 Nxd5 18. Qd2 f5 19. Rfe1 h6 20. Bxh6 gxh6 21. Qxh6 Rf7 22. Rxe6 Qxd4 23. Rd6 Qxb2 24. Rxd5 Rg7 25. Re1 Qc3 26. Qe6+ Kh7 27. Rxf5 Bxf3 0-1

[Event "Ricany op-A"]
[Site "Ricany"]
[Date "2014.08.25"]
[Round "4"]
[White "Skacel, Jan"]
[Black "Cerny, Martin"]
[Result "1/2-1/2"]
[WhiteElo "2075"]
[BlackElo "2184"]
[PlyCount "21"]
[EventDate "2014.08.23"]
[EventType "swiss"]
[EventRounds "9"]
[EventCountry "CZE"]
[SourceTitle "EXT 2015"]
[Source "ChessBase"]
[SourceDate "2014.11.20"]
[SourceVersion "1"]
[SourceVersionDate "2014.11.20"]
[SourceQuality "1"]

1. e4 c5 2. Nf3 e6 3. d4 cxd4 4. Nxd4 Nc6 5. g3 a6 6. Bg2 Qc7 7. 0-0 Nf6 8. Be3 Be7 9. Nc3 0-0 10. Nb3 d6 11. Na4 1/2-1/2

[Event "Ricany op"]
[Site "Ricany"]
[Date "2013.08.30"]
[Round "8"]
[White "Skacel, Jan"]
[Black "Skalicky, Tomas"]
[Result "1/2-1/2"]
[WhiteElo "2075"]
[BlackElo "1935"]
[PlyCount "51"]
[EventDate "2013.08.24"]
[EventType "swiss"]
[EventRounds "9"]
[EventCountry "CZE"]
[SourceTitle "EXT 2022"]
[Source "ChessBase"]
[SourceDate "2021.10.06"]
[SourceVersion "1"]
[SourceVersionDate "2021.10.06"]
[SourceQuality "1"]

1. d4 d5 2. c4 c6 3. Nf3 Nf6 4. e3 a6 5. cxd5 cxd5 6. Nc3 Nc6 7. Bd3 e6 8. 0-0 Bd6 9. e4 dxe4 10. Nxe4 Nxe4 11. Bxe4 0-0 12. Bxc6 bxc6 13. Qc2 Qc7 14. Be3 Bb7 15. h3 h6 16. Rac1 Rac8 17. Qb3 Rb8 18. Qa4 Ba8 19. b3 a5 20. Qc4 Rb5 21. Nd2 e5 22. dxe5 Bxe5 23. Nf3 Rd8 24. Qg4 Kh8 25. Rcd1 Bf6 26. Bf4 1/2-1/2

[Event "Ricany op"]
[Site "Ricany"]
[Date "2013.08.27"]
[Round "5"]
[White "Vybiral, Zdenek"]
[Black "Skacel, Jan"]
[Result "1/2-1/2"]
[WhiteElo "2195"]
[BlackElo "2075"]
[PlyCount "102"]
[EventDate "2013.08.24"]
[EventType "swiss"]
[EventRounds "9"]
[EventCountry "CZE"]
[SourceTitle "EXT 2022"]
[Source "ChessBase"]
[SourceDate "2021.10.06"]
[SourceVersion "1"]
[SourceVersionDate "2021.10.06"]
[SourceQuality "1"]

1. d4 Nf6 2. c4 g6 3. Nc3 d5 4. cxd5 Nxd5 5. e4 Nxc3 6. bxc3 Bg7 7. Qa4+ c6 8. Be3 0-0 9. Rd1 Qc7 10. Be2 Nd7 11. Nf3 Nf6 12. Qc2 Bg4 13. 0-0 Nd7 14. Ng5 Bxe2 15. Qxe2 Nf6 16. e5 Nd5 17. Bd2 Bh6 18. Ne4 Bg7 19. c4 Nb6 20. f4 Qd7 21. Bb4 Rfe8 22. f5 gxf5 23. Ng5 e6 24. g4 h6 25. gxf5 exf5 26. Nh3 a5 27. Ba3 Qe6 28. Rc1 Qg6+ 29. Kh1 Qg4 30. Qxg4 fxg4 31. Nf2 f6 32. Nxg4 fxe5 33. dxe5 Nd7 34. Rg1 Kh7 35. Rb1 b6 36. Bd6 Re6 37. c5 b5 38. Rbf1 h5 39. Rf7 hxg4 40. Rxg4 Rg6 41. Rh4+ Kg8 42. Rxd7 Re8 43. Re4 Ree6 44. Rc7 Rg5 45. h4 Rg3 46. Kh2 Reg6 47. e6 Rg2+ 48. Kh3 Rxa2 49. h5 Ra3+ 50. Kh2 Ra2+ 51. Kh3 Ra3+ 1/2-1/2

[Event "Ricany op"]
[Site "Ricany"]
[Date "2013.08.26"]
[Round "4"]
[White "Skacel, Jan"]
[Black "Svatos, Jan"]
[Result "1/2-1/2"]
[WhiteElo "2075"]
[BlackElo "2287"]
[PlyCount "37"]
[EventDate "2013.08.24"]
[EventType "swiss"]
[EventRounds "9"]
[EventCountry "CZE"]
[SourceTitle "EXT 2022"]
[Source "ChessBase"]
[SourceDate "2021.10.06"]
[SourceVersion "1"]
[SourceVersionDate "2021.10.06"]
[SourceQuality "1"]

1. Nf3 d5 2. d4 c6 3. c4 Nf6 4. e3 e6 5. Nc3 Be7 6. Bd3 0-0 7. 0-0 Nbd7 8. e4 dxe4 9. Nxe4 Nxe4 10. Bxe4 c5 11. Bc2 cxd4 12. Nxd4 Nf6 13. b3 a6 14. Bb2 Bd7 15. Qe2 Qc7 16. Rac1 Rfe8 17. Rfd1 e5 18. Nf5 Bc5 19. Ne3 1/2-1/2

[Event "Ricany op"]
[Site "Ricany"]
[Date "2013.08.24"]
[Round "1"]
[White "Jandl, Vojtech"]
[Black "Skacel, Jan"]
[Result "0-1"]
[WhiteElo "1824"]
[BlackElo "2075"]
[PlyCount "62"]
[EventDate "2013.08.24"]
[EventType "swiss"]
[EventRounds "9"]
[EventCountry "CZE"]
[SourceTitle "EXT 2022"]
[Source "ChessBase"]
[SourceDate "2021.10.06"]
[SourceVersion "1"]
[SourceVersionDate "2021.10.06"]
[SourceQuality "1"]

1. e4 c5 2. Nf3 Nc6 3. d4 cxd4 4. Nxd4 Nf6 5. Nc3 e6 6. a3 d5 7. Bg5 Be7 8. exd5 exd5 9. Be2 0-0 10. 0-0 h6 11. Bh4 Ne5 12. Re1 Ng6 13. Bg3 a6 14. Bf3 Re8 15. Qd3 Nf8 16. Rad1 Be6 17. Nb3 Rc8 18. Re2 Qb6 19. Red2 Red8 20. Qe2 Bxa3 21. bxa3 Rxc3 22. Be5 Rxf3 23. Qxf3 Bg4 24. Qg3 Bxd1 25. Rxd1 Re8 26. Rxd5 Ng6 27. Ra5 Ne4 28. Qf3 Nxe5 29. Qxe4 Nf3+ 30. gxf3 Rxe4 31. fxe4 Qg6+ 0-1

[Event "Ricany op"]
[Site "Ricany"]
[Date "2012.08.30"]
[Round "6"]
[White "Skala, Jaromir"]
[Black "Skacel, Jan"]
[Result "1/2-1/2"]
[WhiteElo "2038"]
[BlackElo "2105"]
[PlyCount "21"]
[EventDate "2012.08.26"]
[EventType "swiss"]
[EventRounds "9"]
[EventCountry "CZE"]
[SourceTitle "CBM 150 Extra"]
[Source "ChessBase"]
[SourceDate "2012.10.19"]
[SourceVersion "1"]
[SourceVersionDate "2012.10.19"]
[SourceQuality "1"]

1. d4 d5 2. c4 e6 3. Nf3 Nf6 4. Bg5 Bb4+ 5. Bd2 Qe7 6. e3 0-0 7. Bxb4 Qxb4+ 8. Qd2 Qxd2+ 9. Nbxd2 c6 10. Be2 Nbd7 11. 0-0 1/2-1/2

[Event "Ricany op"]
[Site "Ricany"]
[Date "2012.08.27"]
[Round "3"]
[White "Skacel, Jan"]
[Black "Plchot, Miroslav"]
[Result "1-0"]
[WhiteElo "2105"]
[BlackElo "1914"]
[PlyCount "34"]
[EventDate "2012.08.26"]
[EventType "swiss"]
[EventRounds "9"]
[EventCountry "CZE"]
[SourceTitle "CBM 150 Extra"]
[Source "ChessBase"]
[SourceDate "2012.10.19"]
[SourceVersion "1"]
[SourceVersionDate "2012.10.19"]
[SourceQuality "1"]

1. d4 Nf6 2. c4 e5 3. dxe5 Ng4 4. Nf3 Bc5 5. e3 Nc6 6. Be2 0-0 7. 0-0 Re8 8. Nc3 Ngxe5 9. b3 Nxf3+ 10. Bxf3 Ne5 11. Be2 a5 12. Bb2 Ra6 13. Ne4 Bf8 14. Ng3 Rh6 15. f4 Nc6 16. Nh5 Rhe6 17. Bf3 Ne7 1-0

[Event "Ricany op-A"]
[Site "Ricany"]
[Date "2011.08.27"]
[Round "9"]
[White "Balacek, Tadeas"]
[Black "Skacel, Jan"]
[Result "1/2-1/2"]
[WhiteElo "2251"]
[BlackElo "2050"]
[PlyCount "44"]
[EventDate "2011.08.20"]
[EventType "swiss"]
[EventRounds "9"]
[EventCountry "CZE"]
[SourceTitle "CBM 144 Extra"]
[Source "ChessBase"]
[SourceDate "2011.10.28"]
[SourceVersion "1"]
[SourceVersionDate "2011.10.28"]
[SourceQuality "1"]

1. d4 d5 2. Nf3 c6 3. c4 e6 4. Qc2 Nf6 5. g3 Qa5+ 6. Bd2 Bb4 7. Bg2 Ne4 8. Bxb4 Qxb4+ 9. Nbd2 Nxd2 10. Nxd2 Nd7 11. 0-0 0-0 12. e4 dxc4 13. a3 Qd6 14. Nxc4 Qxd4 15. Rad1 Qf6 16. f4 e5 17. Nd6 Nb6 18. fxe5 Qxe5 19. Rf4 Be6 20. Bf1 Rab8 21. b3 Nd7 22. Bc4 Qa5 1/2-1/2

[Event "Ricany op-A"]
[Site "Ricany"]
[Date "2011.08.25"]
[Round "7"]
[White "Kubikova, Hana"]
[Black "Skacel, Jan"]
[Result "1/2-1/2"]
[WhiteElo "2159"]
[BlackElo "2050"]
[PlyCount "52"]
[EventDate "2011.08.20"]
[EventType "swiss"]
[EventRounds "9"]
[EventCountry "CZE"]
[SourceTitle "CBM 144 Extra"]
[Source "ChessBase"]
[SourceDate "2011.10.28"]
[SourceVersion "1"]
[SourceVersionDate "2011.10.28"]
[SourceQuality "1"]

1. d4 d6 2. Nf3 c6 3. c4 Nf6 4. Nc3 g6 5. Bg5 Bg7 6. e3 Qa5 7. Bd3 0-0 8. 0-0 Bg4 9. Bxf6 Bxf6 10. h3 Bc8 11. Qd2 Bg7 12. Rab1 Nd7 13. b4 Qc7 14. Rbd1 e5 15. dxe5 Nxe5 16. Nxe5 dxe5 17. c5 a5 18. a3 axb4 19. axb4 Be6 20. Rc1 Rfd8 21. Qe2 Qd7 22. Bc4 Bxc4 23. Qxc4 Qd3 24. Ne4 Qxc4 25. Rxc4 Bf8 26. g4 h6 1/2-1/2